000 00614nam a2200217 i 4500
001 bg
245 1 0 _aPrawo energetyczne /
_cz komentarzem Mirosława Giery.
260 _aWarszawa :
_bOficyna Wydawnicza "Polcen",
_c2006.
300 _a306 s. ;
_c16 cm.
490 1 _aPrawo w Pigułce
650 9 _aEnergetyka
_xprawo
_zPolska
_ystan na 2006 r.
700 1 _aGIERA, Mirosława.
_eOprac.
830 _aPrawo w Pigułce
020 _a8389234300
040 _cBPK
041 0 _apol
080 _a351.82:620.9](438)(094)
920 _a83-89234-30-0
942 _cKS
008 s pl f |000 0 pol
999 _c35599
_d35599
856 _uhttp://koha.tu.koszalin.pl/cgi-bin/koha/opac-detail.pl?biblionumber=35599
_yKatalog online BPK